000 00456nam a2200145Ia 4500
008 100122s9999 xx 000 0 und d
082 _b28702
_a823
100 _aजोशी शशिकांत
245 _aनेत्र निरांजनी
260 _bराधा प्रकाशन
_c1980
300 _a74
630 _aनेत्र निरांजनी
730 _aनेत्र निरांजनी
942 _cBOOK
999 _c414290
_d414287